000 00847nam a22002652 4500
001 76889
003 BD-RjUL
005 20211209082912.0
008 200203r19661951nyu 000 0 eng c
035 _aOCLC ocm01167571 from D961014M
035 _a(BD-RjUL)77113
040 _aHEI
_cHEI
_dUKM
_dEQO
_dBD-RjUL
_beng
041 1 _aengdan
082 0 4 _a811.3
_bSCW 1966
100 1 _aSchyberg, Frederik,
_d1905-1950.
_9238681
245 0 0 _aWalt Whitman /
_ctranslated from the Danish by Evie Allison Allen. With an introd. by Gay Wilson Allen.
260 _aNew York :
_bColumbia University Press,
_cc1951, [reprinted 1966]
300 _axv, 387 p.;
_c24 cm.
504 _aBibliography: p. [361]-365.
600 1 0 _aWhitman, Walt,
_d1819-1892.
_9238687
942 _2ddc
_cBK
999 _c76889
_d76889